| 000 | 00642nam a2200217Ia 4500 | ||
|---|---|---|---|
| 003 | OSt | ||
| 005 | 20240504105852.0 | ||
| 008 | 210716s2012 xx 000 0 und d | ||
| 020 | _a9781451628234 | ||
| 040 | _cAIMIT LIBRARY | ||
| 041 | _aeng | ||
| 082 |
_a374.22 _21 _bLEWA |
||
| 100 |
_aLewis, Allyson. _9163150 |
||
| 245 |
_a7 minute solution / _cBy Allyson Lewis. |
||
| 250 | _a1st ed. | ||
| 260 |
_aNew Delhi : _bFree press , _c2012. |
||
| 300 |
_a355p. ; _bPB _c22.3 cm |
||
| 650 |
_aWhat is the 7 minute solutionWhere is your attention _9163151 |
||
| 650 |
_aAre you consciously aware _9163152 |
||
| 942 |
_2ddc _cBK _e1st _k374.22 LEWA |
||
| 999 |
_c208742 _d208742 |
||